LEADER 02276nam 2200673 450 001 9910460852903321 005 20200520144314.0 010 $a1-118-84827-6 035 $a(CKB)3710000000539115 035 $a(EBL)4205801 035 $a(SSID)ssj0001591215 035 $a(PQKBManifestationID)16287206 035 $a(PQKBTitleCode)TC0001591215 035 $a(PQKBWorkID)14880896 035 $a(PQKB)11244829 035 $a(PQKBManifestationID)16294645 035 $a(PQKB)21652475 035 $a(MiAaPQ)EBC4205801 035 $a(DLC) 2015032211 035 $a(JP-MeL)3000065522 035 $a(Au-PeEL)EBL4205801 035 $a(CaPaEBR)ebr11148381 035 $a(CaONFJC)MIL881838 035 $a(OCoLC)935251593 035 $a(EXLCZ)993710000000539115 100 $a20160205h20162016 uy 0 101 0 $aeng 135 $aur|n|---||||| 181 $ctxt 182 $cc 183 $acr 200 14$aThe Cold War $ea post-Cold War history /$fRalph B. Levering 205 $aThird edition. 210 1$aWest Sussex, England :$cWiley Blackwell,$d2016. 210 4$dİ2016 215 $a1 online resource (295 p.) 225 1 $aAmerican History Series 300 $aDescription based upon print version of record. 311 $a1-118-84840-3 320 $aIncludes bibliographical references and index. 327 $aPrologue: uneasy allies, 1941-1945 -- Downward spiral during the Truman-Stalin years, 1945-1953 -- The institutionalized Cold War, 1953-1962 -- The shift toward relative detente, 1963-1972 -- The roller-coaster years, 1973-1984 -- Epilogue: the Cold War ends, 1985-1991. 410 0$aAmerican history series (Arlington Heights, Ill.) 606 $aCold War 606 $aWorld politics$y1945-1989 607 $aUnited States$xForeign relations$y1945-1989 607 $aUnited States$xForeign relations$y1989- 607 $aUnited States$xForeign relations$y1933-1945 608 $aElectronic books. 615 0$aCold War. 615 0$aWorld politics 676 $a327.73009/04 700 $aLevering$b Ralph B.$0626404 801 0$bMiAaPQ 801 1$bMiAaPQ 801 2$bMiAaPQ 906 $aBOOK 912 $a9910460852903321 996 $aThe Cold War$92128815 997 $aUNINA LEADER 03734nam 2200805z- 450 001 9910566480203321 005 20220506 035 $a(CKB)5680000000037578 035 $a(oapen)https://directory.doabooks.org/handle/20.500.12854/81177 035 $a(oapen)doab81177 035 $a(EXLCZ)995680000000037578 100 $a20202205d2022 |y 0 101 0 $aeng 135 $aurmn|---annan 181 $ctxt$2rdacontent 182 $cc$2rdamedia 183 $acr$2rdacarrier 200 00$aReligious Transformation in the Middle East$eSpirituality, Religious Doubt, and Non Religion 210 $aBasel$cMDPI - Multidisciplinary Digital Publishing Institute$d2022 215 $a1 online resource (156 p.) 311 08$a3-0365-3555-1 311 08$a3-0365-3556-X 330 $aThis Special Issue draws attention to religious transformations currently emerging in the Middle East that diverge from the dominating rhetoric surrounding 'radicalization', 'political Islam', or the 'Islamic awakening'. Particularly after the Arab uprisings, other currents seem to be coming more to the fore that need careful examination, such as the contemporary realities of religious ambivalence, religious doubts, disengagement from religious movements such as the Muslim Brotherhood, the search for alternative forms of spirituality or individualized piety, de-veiling, and different forms of non-conformism, free thinking, non-belief, and atheism. Accordingly, the contributions to this Special Issue provide highly relevant insights into several contemporary debates that are crucial in the social sciences and religious studies. This includes processes of individualization; the study of everyday lived (non-)religion; the anthropology of doubt, ambivalence, and ambiguity; and, last but not least, the deconstruction of the religious-secular divide, a divide that is seen as almost impenetrable according to many actors in the Middle East. This Special Issue consists of a cross-section of current works in social science, religious studies, and related fields on Islam/religion and non-religion in the Middle East. The articles present case studies from different countries in the Middle East, with examples from Turkey, Morocco, Egypt, and Syria, as well as studies on diaspora and social media. 517 $aReligious Transformation in the Middle East 606 $aReligion & beliefs$2bicssc 610 $a(un)veiling 610 $aAlexandria 610 $aanthropology of non-religion 610 $aArab world 610 $aatheism 610 $acriticism of Islam 610 $adisengagement 610 $aEgypt 610 $aeveryday life 610 $afreethinkers 610 $agender 610 $aHajj 610 $ahumor 610 $aIslam 610 $aIslamism 610 $alived religion 610 $amemes 610 $amoral ambivalence 610 $aMorocco 610 $aMuslim Brotherhood 610 $an/a 610 $anon-belief 610 $anon-religiosities 610 $anonbelievers 610 $aonline activism 610 $apiety 610 $aprocesses of individualisation 610 $areligiosities 610 $areligious doubt 610 $aself-formation 610 $asocial media 610 $asocial movements 610 $aspirituality 610 $aSyria 610 $athe Arab Spring 610 $athe self 610 $aTurkey 610 $ayouth 615 7$aReligion & beliefs 700 $avan Nieuwkerk$b Karin$4edt$01299057 702 $avan Nieuwkerk$b Karin$4oth 906 $aBOOK 912 $a9910566480203321 996 $aReligious Transformation in the Middle East$93025010 997 $aUNINA